| 000 | 00615 a2200181 4500 | ||
|---|---|---|---|
| 999 |
_c8432 _d8432 |
||
| 010 | _aENG-88457 | ||
| 020 |
_a8189652737 _c400.00 |
||
| 035 | _aEN-71990 | ||
| 037 | _bDBAD / PUB | ||
| 082 | 1 | 4 | _a955.053 |
| 100 | _aIshtiaque Ahmed | ||
| 245 | 1 |
_aIranian politics: _cby Ishtiaque Ahmed _bintellectuals & ulama/ |
|
| 260 |
_aDelhi _bVista International Publishing House _c2006 |
||
| 270 |
_aV-196, Near Shiv Sadhna Mandir, C-11, Yamuna Vihar, _cDelhi _e110 053 |
||
| 300 |
_aviii, 155p. _c22cm (Hb) |
||
| 500 | _aIncludes bibliographical references and index | ||
| 942 |
_adpl _cEN _2ddc _h955.053 _mISH |
||